George's marvelous medicine / (Record no. 238)

MARC details
000 -LEADER
fixed length control field 01050nam a22003257a 4500
001 - CONTROL NUMBER
control field 238
003 - CONTROL NUMBER IDENTIFIER
control field FISKH
005 - DATE AND TIME OF LATEST TRANSACTION
control field 20231117113334.0
008 - FIXED-LENGTH DATA ELEMENTS--GENERAL INFORMATION
fixed length control field 230309b cb ||||| |||| 00| 0 eng d
020 ## - INTERNATIONAL STANDARD BOOK NUMBER
International Standard Book Number 9780142410356
020 ## - INTERNATIONAL STANDARD BOOK NUMBER
International Standard Book Number 9780142410356
040 ## - CATALOGING SOURCE
Original cataloging agency DLC
Transcribing agency DLC
Modifying agency DLC
-- FISKH
Language of cataloging eng
042 ## - AUTHENTICATION CODE
Authentication code lcac
050 00 - LIBRARY OF CONGRESS CALL NUMBER
Classification number PZ7.D1515
Item number Ge 1998
082 00 - DEWEY DECIMAL CLASSIFICATION NUMBER
Classification number 823.914
Edition number 21
100 1# - MAIN ENTRY--PERSONAL NAME
Personal name Dahl, Roald.
245 10 - TITLE STATEMENT
Title George's marvelous medicine /
Statement of responsibility, etc. Roald Dahl ; illustrated by Quentin Blake.
250 ## - EDITION STATEMENT
Edition statement Issued in this edition in 2007, 2013
260 ## - PUBLICATION, DISTRIBUTION, ETC.
Place of publication, distribution, etc. New York
Name of publisher, distributor, etc. Puffin Books
Date of publication, distribution, etc. 1981
300 ## - PHYSICAL DESCRIPTION
Extent 89 pages :
Other physical details illustrations ;
Dimensions 20 cm
505 ## - FORMATTED CONTENTS NOTE
Formatted contents note O
520 ## - SUMMARY, ETC.
Summary, etc. George decides that his grumpy, selfish old grandmother must be a witch and concocts some marvelous medicine to take care of her.
521 1# - TARGET AUDIENCE NOTE
Target audience note 640 <br/>
Source Lexile
521 1# - TARGET AUDIENCE NOTE
Target audience note O<br/><br/>
Source Raz-Plus
650 #1 - SUBJECT ADDED ENTRY--TOPICAL TERM
Topical term or geographic name entry element Grandmothers
General subdivision Fiction.
650 #1 - SUBJECT ADDED ENTRY--TOPICAL TERM
Topical term or geographic name entry element Magic
General subdivision Fiction.
700 1# - ADDED ENTRY--PERSONAL NAME
Personal name Blake, Quentin,
Relator term illustrator
906 ## - LOCAL DATA ELEMENT F, LDF (RLIN)
a 7
b cbc
c orignew
d 2
e ncip
f 19
g y-gencatlg
942 ## - ADDED ENTRY ELEMENTS (KOHA)
Source of classification or shelving scheme Dewey Decimal Classification
Koha item type Books
Suppress in OPAC No
Holdings
Withdrawn status Lost status Source of classification or shelving scheme Damaged status Not for loan Collection Home library Current library Shelving location Date acquired Total Checkouts Full call number Barcode Date last seen Date last checked out Copy number Price effective from Koha item type
    Dewey Decimal Classification     Juvenile Fiction Footprints International School Library Network Toul Kork Campus Footprints International School Library Network Toul Kork Campus TK Primary Library Room(4th Floor), Bookcase 3&4, Shelves 17-32, Yellow Books 03/09/2023 1 ROA 823.914 PZ7.D1515 FISTK00030 10/18/2023 10/05/2023 1 03/09/2023 Books
    Dewey Decimal Classification     Juvenile Fiction Footprints International School Library Network Toul Kork Campus Footprints International School Library Network Toul Kork Campus TK Primary Library Room(4th Floor), Bookcase 3&4, Shelves 17-32, Yellow Books 11/17/2023   ROA 823.914 PZ7.D1515 FISTK00028 11/17/2023   2 11/17/2023 Books